书目信息 |
| 书名: | Matrix computation for engineers and scientists | |
| 作者: | Alan Jennings. | |
| 分册号: | ||
| 分册名: | 出版地: | London ; |
|
| 出版社: | Wiley | |
| 出版时间: | c1977. | |
| 页数: | xv, 330 p. : | |
| 开本: | 24 cm. | |
| 丛书名: | ||
| 中图分类号: | ||
| 科图分类号: | ||
| 其他分类号: | O151.21 | |
| 主题词: | ||
| 电子资源: | ||
| 000 | 00706pam 2200241 i 4500 | |
| 001 | E0755274016 | |
| 005 | 20070305152128.15 | |
| 008 | 000908s1977 enka b 001 0 eng | |
| 010 | @a 76021079 | |
| 020 | @a0471994219. | |
| 040 | @aDLC@cDLC | |
| 050 | 00 | @aTA347.D4@bJ46 |
| 082 | 00 | @a519.4 |
| 090 | @aP19/W81 | |
| 090 | @aO151.21 | |
| 099 | @dO151.21@ex9 | |
| 100 | 1 | @aJennings, Alan. |
| 245 | 10 | @aMatrix computation for engineers and scientists / @cAlan Jennings. |
| 260 | @aLondon ;@aNew York :@bWiley,@cc1977. | |
| 300 | @axv, 330 p. :@bill. ;@c24 cm. | |
| 500 | @a"A Wiley-Interscience publication." | |
| 504 | @aIncludes bibliographies and index. | |
| 650 | 0 | @aMatrices. |
| Matrix computation for engineers and scientists / / Alan Jennings.-London ; ; New York : : Wiley, , c1977. |
| xv, 330 p. : : ill. ; ; 24 cm. |
| "A Wiley-Interscience publication." .-Includes bibliographies and index. |
| ISBN 0471994219. |
| ● |
| 相关链接 |
|
|
|
|
正题名:Matrix computation for engineers and scientists
索取号:O151.21/x9
 
预约/预借
| 序号 | 登录号 | 条形码 | 馆藏地/架位号 | 状态 | 备注 |
| 1 | 0000022 | 300000228 | 第四借阅区/ [索取号:O151.21/x9] | 在馆 |